Netherlands quiz - Statistics

General Stats
  • This quiz has been taken 22 times
  • The average score is 10 of 15
Answer Stats
Question Answer % Correct
How many provinces does The Netherlands have? 12
100%
Which brand of beer is Dutch? Heineken
100%
What do English speakers commonly call the Netherlands, but actually is the name of only part of the country? Holland
100%
In 1611, Amsterdam was the first city in the world to have a... Stock exchange
100%
What is the capital of the province of North Holland? Haarlem
90%
At the end of the 20th century, who was voted the best European soccer player of the century? Johan Cruyff
90%
In which province will you find the highest point of the European mainland of the Netherlands? Limburg
90%
What is the capital of the province of South Holland? Den Haag
80%
Which city is called Koekstad (Cake City) Deventer
80%
In 1916 there was a great disaster in the Netherlands. What happened? Major flooding
60%
How many Wadden Islands does Netherlands have? 5
50%
Who is Netherlands most famous artist? Rembrandt van Rijn
30%
In what year did Amsterdam obtain its status as a city (with city rights)? 1300
20%
How many official leaders does The Netherlands have? (2023) 7
20%
Where is The Netherlands known for? Talented artists
0%
No matching quizzes found
Score Distribution
Percent of People with Each Score
Percentile by Number Answered
Your Score History
You have not taken this quiz